Normal view
MARC view
- تاليف خالدي، مصطفى، م.مشارك فروخ، عمر
Entry Personal Name
001 - CONTROL NUMBER
- control field: 40946
003 - CONTROL NUMBER IDENTIFIER
- control field: JO-AjAnu
005 - DATE AND TIME OF LATEST TRANSACTION
- control field: 20230606080812.0
008 - FIXED-LENGTH DATA ELEMENTS
- fixed length control field: 230606|| aca||aabn | a|a d
040 ## - CATALOGING SOURCE
- Original cataloging agency: JO-AjAnu
- Transcribing agency: JO-AjAnu
100 ## - HEADING--PERSONAL NAME
- Personal name: تاليف خالدي، مصطفى، م.مشارك فروخ، عمر
670 ## - SOURCE DATA FOUND
- Source citation: Work cat.: (JO-AjAnu)20985: تاليف خالدي، مصطفى، م.مشارك فروخ، عمر, author, التبشير والاستعمار في البلاد العربية: عرض لجهود المبشرين التي ترمي الى إخضاع الشرق للاستعمار الغربي